| 000 | 00352nam a2200145Ia 4500 | ||
|---|---|---|---|
| 008 | 191201s2003 xx 000 0 und d | ||
| 082 |
_a621.3811 _bSAE |
||
| 100 | _aSARKAR, N | ||
| 245 | 0 | _aElements of Digital Communication | |
| 250 | _a1st | ||
| 260 |
_aN.Delhi _bKhanna Publisher _c2003 |
||
| 300 | _a560 | ||
| 650 | _aB.Tech(ECE) | ||
| 942 |
_2ddc _cBK |
||
| 999 |
_c1956 _d1956 |
||